00539 2200217 4500001002100000005001500021035002500036008004100061041000800102082001400110090000800124100001200132245002800144250001600172260003500188300005000223650001000273084002000283990000900303990000900312INLIS00000000000235320250306091131 a0010-051300000002353250306 g 1 ind  aind a899.221.3 aFik aSayudi,1 aLaskar Kecil /cSayudi, aCetakan : 1 aJakarta :bPustaka Jaya,c1975 a92 hlm. : ilus. ;21 cm. :bIlustrasi ;c21 cm 4aFiksi a899.221.3 SAY l a2352 a2352